00623nam a2200193 a 4500001001000000003000400010005001700014008004100031040002500072082002100097100002300118245008800141260006500229300001700294500003400311650001400345650002000359651005000379000032379OSt20250621074008.0110715s1800 dr r 000 0 spa d aDO-SdBNPbspacBNPHU 4a320.97293bM516c1 aMejía, Arturo E.10aComentarios internacionales y nacionales de "La voz dominicana" /cArturo E. Mejia. aCiudad Trujillo, República Dominicana :bCaribe,c[1950?]. av. ;c22 cm. aLa Biblioteca posee el tomo 1 4aComunismo 4aRadiojornalismo 0aRepública DominicanaxPolítica y gobierno